<?xml version="1.0" encoding="UTF-8"?>
<record
    xmlns:xsi="http://www.w3.org/2001/XMLSchema-instance"
    xsi:schemaLocation="http://www.loc.gov/MARC21/slim http://www.loc.gov/standards/marcxml/schema/MARC21slim.xsd"
    xmlns="http://www.loc.gov/MARC21/slim">

  <leader>03565nam a2200469 a 4500</leader>
  <controlfield tag="001">000103756</controlfield>
  <controlfield tag="003">CHAP</controlfield>
  <controlfield tag="005">20241108141219.0</controlfield>
  <controlfield tag="007">cr ||||||a|c|a</controlfield>
  <controlfield tag="008">110111s2010    mx      r     00010 spa d</controlfield>
  <datafield tag="035" ind1=" " ind2=" ">
    <subfield code="a">111878</subfield>
  </datafield>
  <datafield tag="040" ind1=" " ind2=" ">
    <subfield code="c">CHAP</subfield>
  </datafield>
  <datafield tag="090" ind1=" " ind2=" ">
    <subfield code="a">Tesis</subfield>
  </datafield>
  <datafield tag="100" ind1="1" ind2=" ">
    <subfield code="a">Gonz&#xE1;lez S&#xE1;nchez, Antonio Lemuel.</subfield>
    <subfield code="9">49414</subfield>
  </datafield>
  <datafield tag="245" ind1="1" ind2="0">
    <subfield code="a">Amino&#xE1;cidos excitadores, fotoper&#xED;odos crecientes y niveles sericos de testosterona en machos caprinos</subfield>
    <subfield code="c">/por Antonio Lemuel Gonz&#xE1;lez S&#xE1;nchez; director de tesis C&#xE9;sar Alberto Meza Herrera.</subfield>
  </datafield>
  <datafield tag="260" ind1=" " ind2=" ">
    <subfield code="a">Bermejillo, Dgo. :</subfield>
    <subfield code="b">El autor,</subfield>
    <subfield code="c">2010.</subfield>
  </datafield>
  <datafield tag="300" ind1=" " ind2=" ">
    <subfield code="a">1 recurso en l&#xED;nea (58 p&#xE1;ginas):</subfield>
    <subfield code="b">cuadros, figuras.</subfield>
  </datafield>
  <datafield tag="336" ind1=" " ind2=" ">
    <subfield code="2">rdacontent</subfield>
    <subfield code="a">texto</subfield>
    <subfield code="b">txt</subfield>
  </datafield>
  <datafield tag="337" ind1=" " ind2=" ">
    <subfield code="2">rdamedia</subfield>
    <subfield code="a">computadora</subfield>
    <subfield code="b">c</subfield>
  </datafield>
  <datafield tag="338" ind1=" " ind2=" ">
    <subfield code="2">rdacarrier</subfield>
    <subfield code="a">recursos en l&#xED;nea</subfield>
    <subfield code="b">cr</subfield>
  </datafield>
  <datafield tag="502" ind1=" " ind2=" ">
    <subfield code="b">ISP</subfield>
    <subfield code="c">URUZA</subfield>
    <subfield code="d">2010.</subfield>
    <subfield code="g">LIC</subfield>
  </datafield>
  <datafield tag="520" ind1=" " ind2=" ">
    <subfield code="a">Se evalu&#xF3; el uso de la suplementaci&#xF3;n de L-glutamato sobre el comportamiento hipotal&#xE1;mico-hipofisiario-gonadal en machos caprinos, cuantificando los niveles s&#xE9;ricos de testosterona (TESTO), el peso vivo (PV), la condici&#xF3;n corporal (CC) y la circunferencia escrotal (CE), dentro de un fotoperiodo natural creciente. El experimento se realiz&#xF3; en la Unidad de Experimentaci&#xF3;n Caprina Sur, (URUZA-UACH, 25&#xB0; LN, 103&#xB0; LO, 1,117 msnm), en marzo. Machos Alpinos (n=6, 24 meses, PV 52.8 &#xB1;1.4 kg), recibieron una dieta a libre acceso de heno de alfalfa (14% PC; 1.14Mcal kg-1 ENm) y ensilado de ma&#xED;z (8.1% PC; 1.62 Mcal kg-1 ENm). Los grupos experimentales consideraron: 1) Grupo L-glutamato (GLUT n=3; PV = 50.3&#xF0B1;0.33 kg, CC= 3.30&#xB1;0.04 unidades) y 2) Grupo control, (CONT, n=3; PV = PV=49.3&#xF0B1;0.33 kg, 3.40&#xB1;0.04 unidades). Mientras que el grupo GLUT recibi&#xF3; una infusi&#xF3;n de L-glutamato (7 mg kg-1 PV, i.v.) en el tiempo tres (minuto 60) dentro de un muestreo intensivo (180 minutos x 15 min), el grupo CONT recibi&#xF3; una aplicaci&#xF3;n endovenosa de soluci&#xF3;n salina. Mientras que el PV (49.83&#xB1;0.33 kg), la CC (3.20&#xB1;0.11 unidades) y la CE (24.21&#xB1;0.77 cm) no difirieron (P&gt;0.05) entre tratamientos, tanto los niveles s&#xE9;ricos (0.99 vs. 0.25 ng mL-1) como el patr&#xF3;n de secreci&#xF3;n de TESTO a trav&#xE9;s del tiempo difirieron (P&gt;0.05) entre tratamientos en favor del grupo GLUT. Las infusiones endovenosas de L-glutamato afectaron positivamente el patr&#xF3;n de s&#xED;ntesis y secreci&#xF3;n de testosterona bajo un esquema fotico considerado como inhibitorio de la funci&#xF3;n reproductiva esta latitud. Lo anterior puede ser de significancia tanto biol&#xF3;gica como econ&#xF3;mica en sistemas de producci&#xF3;n semi-extensivos e intensivos que utilicen grupos gen&#xE9;ticos con alto encaste a grupos raciales enfocados a la producci&#xF3;n de leche.</subfield>
  </datafield>
  <datafield tag="590" ind1=" " ind2=" ">
    <subfield code="a">ALEPH</subfield>
    <subfield code="b">10</subfield>
    <subfield code="c">20130110</subfield>
  </datafield>
  <datafield tag="590" ind1=" " ind2=" ">
    <subfield code="a">BATCH-UPD</subfield>
    <subfield code="b">10</subfield>
    <subfield code="c">20130110</subfield>
  </datafield>
  <datafield tag="590" ind1=" " ind2=" ">
    <subfield code="a">BATCH-UPD</subfield>
    <subfield code="b">10</subfield>
    <subfield code="c">20130410</subfield>
  </datafield>
  <datafield tag="590" ind1=" " ind2=" ">
    <subfield code="a">BATCH-UPD</subfield>
    <subfield code="b">10</subfield>
    <subfield code="c">20130914</subfield>
  </datafield>
  <datafield tag="590" ind1=" " ind2=" ">
    <subfield code="a">BATCH-UPD</subfield>
    <subfield code="b">10</subfield>
    <subfield code="c">20140324</subfield>
  </datafield>
  <datafield tag="590" ind1=" " ind2=" ">
    <subfield code="a">BATCH-UPD</subfield>
    <subfield code="b">10</subfield>
    <subfield code="c">20141002</subfield>
  </datafield>
  <datafield tag="590" ind1=" " ind2=" ">
    <subfield code="a">CONVERSION</subfield>
    <subfield code="b">10</subfield>
    <subfield code="c">20130109</subfield>
  </datafield>
  <datafield tag="590" ind1=" " ind2=" ">
    <subfield code="a">E11695DGD</subfield>
    <subfield code="b">10</subfield>
    <subfield code="c">20141006</subfield>
  </datafield>
  <datafield tag="590" ind1=" " ind2=" ">
    <subfield code="a">E11695DGD</subfield>
    <subfield code="b">10</subfield>
    <subfield code="c">20160506</subfield>
  </datafield>
  <datafield tag="650" ind1="1" ind2="4">
    <subfield code="a">Aminoacidos en nutricion animal.</subfield>
    <subfield code="9">5342</subfield>
  </datafield>
  <datafield tag="650" ind1="1" ind2="4">
    <subfield code="a">Ganado cabr&#xED;o</subfield>
    <subfield code="x">Durango.</subfield>
    <subfield code="9">45004</subfield>
  </datafield>
  <datafield tag="700" ind1="1" ind2=" ">
    <subfield code="a">Meza Herrera, C&#xE9;sar Alberto</subfield>
    <subfield code="9">75332</subfield>
    <subfield code="e">Director de tesis.</subfield>
  </datafield>
  <datafield tag="856" ind1=" " ind2=" ">
    <subfield code="u">http://10.13.5.2/tesis/111878.pdf</subfield>
    <subfield code="z">DESCARGAR PDF</subfield>
  </datafield>
  <datafield tag="901" ind1=" " ind2=" ">
    <subfield code="a">BK</subfield>
  </datafield>
  <datafield tag="942" ind1=" " ind2=" ">
    <subfield code="c">TD</subfield>
    <subfield code="2">Clasificaci&#xF3;n Universidad Aut&#xF3;noma Chapingo</subfield>
  </datafield>
  <datafield tag="949" ind1=" " ind2=" ">
    <subfield code="a">Tesis</subfield>
    <subfield code="b">BC</subfield>
    <subfield code="c">TES</subfield>
    <subfield code="d">33724002225446</subfield>
    <subfield code="e">TS1</subfield>
    <subfield code="g">Donaci&#xD8;n</subfield>
    <subfield code="h">51711</subfield>
    <subfield code="i">111878</subfield>
    <subfield code="s">b</subfield>
  </datafield>
  <datafield tag="949" ind1=" " ind2=" ">
    <subfield code="a">Tesis</subfield>
    <subfield code="b">BC</subfield>
    <subfield code="c">TES</subfield>
    <subfield code="d">33724002225488</subfield>
    <subfield code="e">TS2</subfield>
    <subfield code="f">c.2</subfield>
    <subfield code="g">Donaci&#xD8;n</subfield>
    <subfield code="h">51712</subfield>
    <subfield code="i">111878</subfield>
    <subfield code="s">b</subfield>
  </datafield>
  <datafield tag="999" ind1=" " ind2=" ">
    <subfield code="c">100219</subfield>
    <subfield code="d">100219</subfield>
  </datafield>
  <datafield tag="952" ind1=" " ind2=" ">
    <subfield code="0">0</subfield>
    <subfield code="1">0</subfield>
    <subfield code="2">local</subfield>
    <subfield code="4">0</subfield>
    <subfield code="5">1</subfield>
    <subfield code="7">0</subfield>
    <subfield code="8">TesDigL</subfield>
    <subfield code="a">BD</subfield>
    <subfield code="b">BD</subfield>
    <subfield code="c">E_L</subfield>
    <subfield code="d">2019-12-31</subfield>
    <subfield code="l">0</subfield>
    <subfield code="o">Tesis digital</subfield>
    <subfield code="r">2019-12-31 00:00:00</subfield>
    <subfield code="w">2019-12-31</subfield>
    <subfield code="y">TD</subfield>
  </datafield>
</record>
